| 000 | 00613nam a2200205Ia 4500 | ||
|---|---|---|---|
| 003 | GCL | ||
| 008 | 140319s9999 xx 000 0 ara d | ||
| 040 |
_aGCL / _cGCL |
||
| 082 | 0 | 4 |
_a833.03 _bك ق |
| 100 | 1 | _aياسين طه حافظ | |
| 245 | 1 | 0 |
_aالقطار السريع الدرجة الثالثة / _cياسين طه حافظ |
| 700 | 1 | _aكوين , ارمكارد | |
| 700 | 1 | _aاقبال ايوب | |
| 300 | _a167 ص | ||
| 490 | _a | ||
| 650 | 0 | 4 | _aالادب الالمانى |
| 650 | 0 | 4 | _aالادب الالمانى المترجم |
| 650 | 0 | 4 | _aالقصص الالمانية |
| 942 |
_2ddc _cBK |
||
| 999 |
_c39389 _d39389 |
||